1575 1709 1160 1432 1019 1575 1836 1116 1675 1809 1952 1171 1892 1480 1138 1382 1707 1961 1052 1992 1392 1060 1875 1788 1751 1052 1371 1532 1632 1754 1445 1484 1227 1019 1838 1351 1576 1459 1587 2000 1844 1040 1276 1476 1584 1679 1366 1181 1608 1873 1210 1677 1635 1236 1382 1561 1288 1440 1173 1474 1146 1786 1316 1105 1167 1370 1202 1164 1181 1060 1637 1789 1222 1490 1145 1153 1117 1804 1907 1357 1889 1452 1773 1929 1016 1518 1610 1579 1536 1228 1033 1973 1321 1583 1687 1301 1666 1666 1369 BCNSPRNW ULIB Ver.6.0+V

เปลี่ยนเป็นภาษาไทย

Change to English
 แสดงรายละเอียดบรรณานุกรม
  กลับหน้าหลัก

Brief Record : Get Marc (ISO 2709) : E-mail record : QR code < ปิดหน้าต่าง
LEADER : 00000nam 2200000uu 4500
001    13399114423
003     ULIB
008    110719s||||||||th 000 0 tha d
020    9748327808
099    นว.^bค949ส ล.11
100 1  โยชิคาวะ, เอจิ
245 10 สามก๊ก 11 ตอน ยอดขุนพลเพี่ยงพล้ำ/^cเอจิ โยชิคาวะ, เรื่อง ; จัน สัมฤทธิ์, แปล
250    พิมพ์ครั้งที่ 2
260    กรุงเทพฯ :^bอมรินทร์คอมมิกส์,^c2550
300    176 หน้า
650  4 สามก๊ก^xการ์ตูน
650  4 วรรณกรรมสำหรับเด็ก
650  4 วรรณกรรมจีน^xการ์ตูน
651  4 จีน^xประวัติศาสตร์^xการ์ตูน
700 0  จัน สัมฤทธิ์
945    ^p158^l0^i024711
995    ทศพร
999 ^a ใช้งานได้ทุกระบบ
รายการนี้ยังไม่มีแท็ก
คุณยังไม่ได้ล็อกอิน คุณสามารถมีกิจกรรมร่วมกับเว็บไซต์ได้ แต่ต้องล็อกอินก่อน ::
  ล็อกอิน

รายการสื่อสารสนเทศ

ลำดับที่ ประเภท เลขเรียก/บาร์โค้ด สถานที่ สถานะ
- ไม่พบข้อมูล -

รายการใกล้เคียง
    ผู้แต่ง [โยชิคาวะ, เอจิ]

    หัวเรื่อง [วรรณกรรมสำหรับเด็ก]

BibComment


ยังไม่เคยถูกคอมเมนท์

คอมเมนท์ทรัพยากรรายการนี้
  คอมเมนท์: สามก๊ก 11 ตอน ยอ..


 Copyright 2026. Bcnsprnw @Library